Statistics for The Legend of Zelda: Twilight Princess Ultimate Quiz!

Click here to take the quiz!

General Stats

  • This quiz has been taken 213 times
  • The average score is 38 of 128

Answer Stats

Main Characters % Correct
Link
98%
Zelda (Ganon's Puppet)
97%
Zelda
97%
Ganon
94%
Midna
89%
Zant
76%
Zant
76%
Ganondorf
74%
Ganondorf (horseback)
74%
Ganondorf
74%
Mayor Bo
73%
Hero's Bow
65%
Ilia
60%
Telma
60%
Colin
57%
Bomb
56%
Malo
56%
Master Sword
54%
Clawshot
53%
Talo
48%
Yeta
47%
Double Clawshot
45%
Yeto
45%
Spinner
44%
Eldin
43%
Ball and Chain
43%
Faron
43%
Forest Temple
42%
Hylian Shield
41%
Goron Mines
40%
Ooccoo
40%
Beth
40%
Lakebed Temple
38%
Epona
38%
Bottle
38%
City in the Sky
38%
Hyrule Castle
37%
Temple of Time
37%
Gale Boomerang
36%
Morpheel
36%
Slingshot
35%
Lanayru
33%
Iron Boots
33%
Wooden Shield
33%
Stallord
33%
Rusl
33%
Ordona
32%
Arbiter's Grounds
32%
Blizzeta
32%
Water Bomb
32%
Agitha
32%
Fyrus
31%
Snowpeak Ruins
31%
Dominion Rod
30%
Prince Ralis
29%
Fishing Rod
29%
Queen Rutela
29%
Ordon Sword
29%
Ordon Shield
28%
Wooden Sword
28%
Ooccoo Jr.
27%
Diababa
26%
Magic Armor
26%
Zora Armor
26%
Hawkeye
26%
Renado
26%
Shad
25%
Dungeon Map
25%
Compass
24%
Palace of Twilight
23%
Barnes
23%
Ashei
23%
Lantern
22%
Ook
22%
Cave of Ordeals
20%
Argorok
20%
Boss Key
20%
Arrows
19%
Darknut
19%
Louise
19%
Heart Container
17%
Darbus
17%
Bomb Bag
16%
Golden Bugs
16%
Falbi
16%
Horse Call
16%
Death Sword
16%
Fyer
15%
Small Key
15%
Luda
14%
Gor Coron
14%
Uli
14%
Coro
14%
Auru
13%
Heart Piece
12%
Poe Souls
12%
Fado
12%
Hero's Clothes
12%
Bombling
11%
Deku Toad
11%
Hena
10%
Phantom Zant
9%
Darkhammer
9%
Iza
9%
Jovani
9%
Dangoro
9%
Aeralfos
9%
Sera
7%
Armoghoma
7%
Gengle
7%
Postman
7%
Borville
6%
Gor Amoto
6%
Gor Ebizo
5%
Gor Liggs
5%
Hanch
4%
Trill
4%
Plumm
4%
Coral Earring
3%
Jaggle
3%
Madame Fanadi
3%
Pergie
3%
Purdy
2%
Charlo
2%
Chudley
2%
Slingshot Pellets
2%
Purlo
2%
Soal
1%

Score Distribution

Percentile by Number Answered

Percent of People with Each Score

Your Score History

You have not taken this quiz